000 00349nam a22001577a 4500
005 20160629135523.0
008 160629b xxu||||| |||| 00| 0 eng d
041 _aeng
082 _b11042
100 _aKumar Vachandev
_93196
245 _aByakaran Bhaskar
260 _bBharti Bhawan
300 _a359
650 _aManagement
_9241
942 _cBK
999 _c4695
_d4693